Представление документа в формате MARC21

ПолеНазваниеЗначение
  Тип записи a
  Библиографический уровень m
001 Контрольный номер RU\infra-m\znanium\bibl\2215749
005 Дата корректировки 20260429142122.0
008 Кодируемые данные 260414s2025 RU g rus u
020 Индекс ISBN __
a ISBN 978-5-16-020017-0
020 Индекс ISBN __
a ISBN 978-5-16-112566-3 (электр. издание)
040 Источник каталогиз. __
a Служба первич. каталог. Общество с ограниченной ответственностью «ЗНАНИУМ»
041 Код языка издания __
a Код языка текста rus
044 Код страны публикации __
a Код страны публикации RU
080 Индекс УДК __
a Индекс УДК 340.12(075.4)
084 Индекс другой классификации/Индекс ББК __
2 Источник индекса rubbk
a Индекс другой классификации/Индекс ББК 67.00
084 Индекс другой классификации/Индекс ББК __
2 Источник индекса okso
a Индекс другой классификации/Индекс ББК 47.03.01
084 Индекс другой классификации/Индекс ББК __
2 Источник индекса okso
a Индекс другой классификации/Индекс ББК 47.04.01
100 Автор __
a Автор Виноградова Е.В.
q Полное имя Виноградова Елена Валерьевна
u Дополнение Российский университет дружбы народов имени Патриса Лумумбы
245 Заглавие __
a Заглавие Философско-правовое познание: актуальные проблемы
b Продолж. заглавия Монография
c Ответственность Военная ордена Жукова академия войск национальной гвардии Российской Федерации; Государственная Дума Федерального Собрания Российской Федерации; Санкт-Петербургский политехнический университет Петра Великого; Институт деловой карьеры; РОСГВАРДИЯ; Военная ордена Жукова академия войск национальной гвардии Российской Федерации; Русская христианская гуманитарная академия имени Ф.М. Достоевского; УНИВЕРСИТЕТ ФОНД; Орловский юридический институт Министерства внутренних дел Российской Федерации им.Лукьянова; Научно-исследовательский институт Таджикского национального университета; Починковский районный суд Нижегородской области; ЛИДЕР-К ООО; Санкт-Петербургский университет Министерства внутренних дел России; ГАВЕЛ ЛИГАЛ СПБ КА; Институт государства и права Российской академии наук; Московский государственный университет им. М.В. Ломоносова, юридический факультет; Российская академия народного хозяйства и государственной службы при Президенте РФ
250 Сведения об издании __
g испр. и доп
a Основные сведения об издании 2
260 Выходные данные __
a Место издания Москва
b Издательство ООО "Научно-издательский центр ИНФРА-М"
c Дата издания 2026
300 Физическое описание __
a Объем 418 с.
440 Серия __
a Серия Научная мысль
520 Аннотация __
a Аннотация В монографии на основе классических текстов и современных научных разработок анализируется ряд фундаментальных проблем философии права которые представляют особый интерес в аспекте динамики современного развития российского государства и общества: проблемы суверенитета как формы субъектности государства проблемы внутренних и внешних угроз национальной безопасности; проблемы антропологических социальных и духовных начал личности как субъекта правоотношений; обеспечения прав личности в их различии и сущностном единстве; вопросы правосознания и правовой культуры личности; правовые аспекты искусственного интеллекта; проблемы соматических прав человека и др. Особое внимание уделяется вопросам методов и методологии философско-правового познания. Предназначена для профессорско-преподавательского состава вузов юридического направления студентов курсантов слушателей и аспирантов юридических вузов и факультетов учебных заведений правоохранительных органов Российской Федерации а также для всех кто интересуется вопросами государствами и права.
521 Примеч. о цел. назн. __
a Примеч. о целев. назн. Дополнительное профессиональное образование
650 Тематические рубрики __
a Основная рубрика Право. Юридические науки
x Основная подрубрика Философия и социология права
655 Указ. предметных рубрик (устаревшее) __
a Жанр/ форма (устаревшее) Монография
700 Другие авторы __
a Другие авторы Воробьев А.О.
q Полное имя Воробьев Алексей Олегович
u Дополнение РОСГВАРДИЯ
700 Другие авторы __
a Другие авторы Гутман М.Ю.
q Полное имя Гутман Матвей Юрьевич
u Дополнение Военная ордена Жукова академия войск национальной гвардии Российской Федерации
700 Другие авторы __
a Другие авторы Захарцев С.И.
q Полное имя Захарцев Сергей Иванович
u Дополнение Военная ордена Жукова академия войск национальной гвардии Российской Федерации
700 Другие авторы __
a Другие авторы Зорина Н.В.
q Полное имя Зорина Наталья Владимировна
u Дополнение ГАВЕЛ ЛИГАЛ СПБ КА
700 Другие авторы __
a Другие авторы Игнатьева С.В.
q Полное имя Игнатьева Светлана Викторовна
u Дополнение Военная ордена Жукова академия войск национальной гвардии Российской Федерации
700 Другие авторы __
a Другие авторы Исмагилов Р.Ф.
q Полное имя Исмагилов Рашид Фаатович
u Дополнение Военная ордена Жукова академия войск национальной гвардии Российской Федерации
700 Другие авторы __
a Другие авторы Кийко А.Ю.
q Полное имя Кийко Андрей Юрьевич
u Дополнение Военная ордена Жукова академия войск национальной гвардии Российской Федерации
700 Другие авторы __
a Другие авторы Клименко О.А.
q Полное имя Клименко Оксана Алексеевна
u Дополнение Орловский юридический институт Министерства внутренних дел Российской Федерации им.Лукьянова
700 Другие авторы __
a Другие авторы Крижановская Г.Н.
q Полное имя Крижановская Галина Николаевна
u Дополнение Военная ордена Жукова академия войск национальной гвардии Российской Федерации
700 Другие авторы __
a Другие авторы Лысенков С.Г.
q Полное имя Лысенков Сергей Геннадьевич
u Дополнение Военная ордена Жукова академия войск национальной гвардии Российской Федерации
700 Другие авторы __
a Другие авторы Масленников Д.В.
q Полное имя Масленников Дмитрий Владимирович
u Дополнение Русская христианская гуманитарная академия имени Ф.М. Достоевского
700 Другие авторы __
a Другие авторы Медведев А.А.
q Полное имя Медведев Александр Александрович
u Дополнение РОСГВАРДИЯ
700 Другие авторы __
a Другие авторы Мирзоев А.К.
q Полное имя Мирзоев Ашурали Кенджаевич
u Дополнение Научно-исследовательский институт Таджикского национального университета
700 Другие авторы __
a Другие авторы Морозов А.И.
q Полное имя Морозов Алексей Игоревич
u Дополнение ЛИДЕР-К ООО
700 Другие авторы __
a Другие авторы Новожилов С.А.
q Полное имя Новожилов Сергей Александрович
u Дополнение УНИВЕРСИТЕТ ФОНД
700 Другие авторы __
a Другие авторы Петров П.А.
q Полное имя Петров Петр Алексеевич
u Дополнение Государственная Дума Федерального Собрания Российской Федерации
700 Другие авторы __
a Другие авторы Прокофьев К.Г.
q Полное имя Прокофьев Константин Георгиевич
u Дополнение Институт деловой карьеры
700 Другие авторы __
a Другие авторы Сальников М.В.
q Полное имя Сальников Михаил Викторович
u Дополнение Военная ордена Жукова академия войск национальной гвардии Российской Федерации
700 Другие авторы __
a Другие авторы Сальников С.П.
q Полное имя Сальников Сергей Павлович
u Дополнение Починковский районный суд Нижегородской области
700 Другие авторы __
a Другие авторы Старовойтова О.Э.
q Полное имя Старовойтова Ольга Эдуардовна
u Дополнение Военная ордена Жукова академия войск национальной гвардии Российской Федерации
700 Другие авторы __
a Другие авторы Третьяков И.Л.
q Полное имя Третьяков Иван Львович
u Дополнение Санкт-Петербургский политехнический университет Петра Великого
700 Другие авторы __
a Другие авторы Утюганов А.А.
q Полное имя Утюганов Алексей Анатольевич
u Дополнение Военная ордена Жукова академия войск национальной гвардии Российской Федерации
700 Другие авторы __
a Другие авторы Хабибулин А.Г.
q Полное имя Хабибулин Алик Галимзянович
u Дополнение Московский государственный университет им. М.В. Ломоносова, юридический факультет
700 Другие авторы __
a Другие авторы Сальников В.П.
q Полное имя Сальников Виктор Петрович
u Дополнение Военная ордена Жукова академия войск национальной гвардии Российской Федерации
856 Электронный адрес документа 4_
a Имя сервера/домена znanium.ru
m Помощь ebs_support@infra-m.ru
n Местонахождение сервера НИЦ ИНФРА-М
u URL https://znanium.ru/catalog/document?id=466338
856 Электронный адрес документа 48
a Имя сервера/домена znanium.ru
d Путь /cover/2215
f Электронное имя 2215749.jpg
q Тип электронного формата image/jpeg
u URL https://znanium.ru/cover/2215/2215749.jpg
911 __
u 0030=https://znanium.ru/catalog/document?id=466338
911 __
u 712a=Государственная Дума Федерального Собрания Российской Федерации
911 __
u 712a=Санкт-Петербургский политехнический университет Петра Великого
911 __
u 712a=Институт деловой карьеры
911 __
u 712a=РОСГВАРДИЯ
911 __
u 712a=Военная ордена Жукова академия войск национальной гвардии Российской Федерации
911 __
u 712a=Русская христианская гуманитарная академия имени Ф.М. Достоевского
911 __
u 712a=УНИВЕРСИТЕТ ФОНД
911 __
u 712a=Орловский юридический институт Министерства внутренних дел Российской Федерации им.Лукьянова
911 __
u 712a=Научно-исследовательский институт Таджикского национального университета
911 __
u 712a=Починковский районный суд Нижегородской области
911 __
u 712a=ЛИДЕР-К ООО
911 __
u 712a=Санкт-Петербургский университет Министерства внутренних дел России
911 __
u 712a=ГАВЕЛ ЛИГАЛ СПБ КА
911 __
u 712a=Институт государства и права Российской академии наук
911 __
u 712a=Московский государственный университет им. М.В. Ломоносова, юридический факультет
911 __
u 712a=Российская академия народного хозяйства и государственной службы при Президенте РФ